| 000 | 00366nam a22001217a 4500 | ||
|---|---|---|---|
| 082 | _a220 PRO | ||
| 100 |
_aGC ALI RASHID BUTT GC OMER KHAN GC MUJAHID AZIZ _971057 |
||
| 245 | _aPR-SOF-1622-PROSTHETIC WRIST USING COMPLIANT JOINT | ||
| 260 |
_aISLAMABAD _bNUST COLLEGE OF EME _c2017 |
||
| 650 | _aDE-MECH-35 | ||
| 700 |
_aSUPERVISOR SAHEEB KAYANI _971058 |
||
| 942 | _cCR | ||
| 999 |
_c577783 _d577783 |
||